00638pab a2200169 454500008004000000100002400040245012500064260000900189300001200198362000800210650005100218650005000269773001800319909001000337999001700347952010400364180718b1993 xxu||||| |||| 00| 0 eng d aMawar, Nita, et.al. aUnderstanding the employment, income in relation to the status of tribal womenba case study of Gonds in Madhya Pradesh. c1993 ap.87-94 aDec aTribes - India - Madhya Pradesh - Case studies aWomen - India - Madhya Pradesh - Case studies aSocial Change a29678 c29678d29678 00104070aIIPAbIIPAd2018-07-19hVolume no: 23, Issue no: 4pAR29819r2018-07-19w2018-07-19yAR